6000 câu giao tiếp tiếng Anh

Sách gồm 3 chương. 1) Những điểm chủ yếu về ngữ điệu trong tiếng Anh. 2) Cách nói thông dụng trong tiếng Anh. 3) Các mẫu câu đối thoại thực sự ngoài đời, được tập trung thành từng chủ mục

Bewaard in:
Bibliografische gegevens
Hoofdauteur: Phạm Xuân Thảo
Formaat: Boek
Taal:Undetermined
Gepubliceerd in: Tp. HCM Trẻ 1997
Onderwerpen:
Tags: Voeg label toe
Geen labels, Wees de eerste die dit record labelt!
Thư viện lưu trữ: Trung tâm Học liệu Trường Đại học Cần Thơ
LEADER 00796nam a2200181Ia 4500
001 CTU_17730
008 210402s9999 xx 000 0 und d
082 |a 428 
082 |b Th103 
100 |a Phạm Xuân Thảo 
245 0 |a 6000 câu giao tiếp tiếng Anh 
245 0 |c Phạm Xuân Thảo 
260 |a Tp. HCM 
260 |b Trẻ 
260 |c 1997 
520 |a Sách gồm 3 chương. 1) Những điểm chủ yếu về ngữ điệu trong tiếng Anh. 2) Cách nói thông dụng trong tiếng Anh. 3) Các mẫu câu đối thoại thực sự ngoài đời, được tập trung thành từng chủ mục 
650 |a english language - conversation and phrase books 
980 |a Trung tâm Học liệu Trường Đại học Cần Thơ